[Event "15th ETC Women"]
[Site "Gothenburg SWE"]
[Date "2005.07.30"]
[Round "1"]
[White "Agrest,S"]
[Black "Lahno,Kateri"]
[Result "0-1"]
[WhiteElo "2270"]
[BlackElo "2498"]

1.e4 d6 2.d4 Nf6 3.Nc3 g6 4.Be3 c6 5.Qd2 Bg7 6.Nf3 Qa5 7.h3 Nbd7 8.Bd3 e5
9.O-O O-O 10.Bh6 Re8 11.Bxg7 Kxg7 12.dxe5 dxe5 13.Bc4 b5 14.Bd3 Nc5 15.Qe3 b4
16.Ne2 Qb6 17.Ng3 Nxd3 18.Qxd3 Ba6 19.Qd2 h6 20.Rfe1 c5 21.Nh4 Ng8 22.Qe3 Bb7
23.a3 a5 24.axb4 axb4 25.Rxa8 Rxa8 26.Rd1 Rd8 27.Rd2 Rxd2 28.Qxd2 Qc7 29.b3 Kh7
30.Nf3 Nf6 31.Qd3 Kg7 32.Nd2 Qa5 33.Kh2 Qa1 34.Qb5 Qc3 35.Nc4 Bxe4 36.Qxc5 Bxc2
37.Qe7 Bxb3 38.Nxe5 Be6 39.f4 Nd5 40.Qd6 Qc7 41.Qxc7 Nxc7 42.Ne2 b3 43.Nd3 Bc4
44.Nec1 Kf6 45.Nb2 Bd5 46.g4 Ke7 47.Kg3 Kd6 48.Ncd3 Be4 49.Ne5 f6 50.Nf7+ Kc5
51.Nxh6 Kb4 52.f5 Kc3 53.Na4+ Kc2 54.fxg6 Bxg6 55.Nf5 Bxf5 56.gxf5 Nd5 57.h4 Nc3
58.h5 Nxa4 59.h6 b2 60.h7 b1=Q 61.h8=Q Nc3 62.Qc8 Kd2 63.Qd7+ Qd3+  0-1

[Event "15th ETC Women"]
[Site "Gothenburg SWE"]
[Date "2005.08.05"]
[Round "7"]
[White "Lahno,Kateri"]
[Black "Kosintseva,N"]
[Result "1/2-1/2"]
[WhiteElo "2498"]
[BlackElo "2490"]

1.e4 c5 2.Nf3 Nc6 3.d4 cxd4 4.Nxd4 Nf6 5.Nc3 d6 6.Bg5 e6 7.Qd2 Be7 8.O-O-O Qb6
9.Nb3 O-O 10.f3 Rd8 11.Be3 Qc7 12.Qf2 d5 13.exd5 Nxd5 14.Nxd5 Rxd5 15.Rxd5 exd5
16.Kb1 Bf5 17.g4 Bg6 18.f4 Be4 19.Bg2 Bh4 20.Qd2 Bxg2 21.Qxg2 Re8 22.Bc1 d4
23.Rd1 Qb6 24.g5 Rd8 25.Nd2 d3 26.cxd3 Rxd3 27.Qe2 Qe3 28.Qxe3 Rxe3 29.Nc4 Re8
30.Rd7 Re7 31.Rxe7 Nxe7 32.Nd6 b6 33.Kc2 Bf2 34.Kd3 f5 35.Nb5 Nc6 36.Be3 Bxe3
37.Kxe3 Kf7 38.Nd4 Ne7 39.Nb5 Nc6 40.Nd4 Ne7 41.Nb5  1/2-1/2

[Event "10th ECC w"]
[Site "Saint Vincent ITA"]
[Date "2005.09.20"]
[Round "3"]
[White "Lahno,Kateri"]
[Black "Cramling,P"]
[Result "0-1"]
[WhiteElo "2498"]
[BlackElo "2494"]

1.e4 c5 2.Nf3 e6 3.d4 cxd4 4.Nxd4 a6 5.Be2 Nf6 6.Nc3 Bb4 7.O-O d6 8.Qd3 O-O
9.Bg5 Nbd7 10.Nb3 h6 11.Bh4 Qb6 12.Rad1 Ne5 13.Qg3 Nh7 14.a3 Bxc3 15.Qxc3 Ng6
16.Bg3 e5 17.Na5 Be6 18.Qb4 Qc7 19.Rxd6 Qxc2 20.Bh5 Nf4 21.Bxf4 exf4 22.Bd1 Qc7
23.e5 Rae8 24.h4 Qe7 25.Bf3 Bc8 26.Nc4 a5 27.Qc3  0-1

[Event "Corus B"]
[Site "Wijk aan Zee NED"]
[Date "2006.01.16"]
[Round "3"]
[White "Cheparinov,I"]
[Black "Lahno,Kateri"]
[Result "1-0"]
[WhiteElo "2625"]
[BlackElo "2500"]

1.e4 c5 2.Nf3 d6 3.d4 cxd4 4.Nxd4 Nf6 5.Nc3 a6 6.Be3 e5 7.Nb3 Be6 8.f3 Nbd7
9.Qd2 b5 10.O-O-O Nb6 11.Qf2 Nc4 12.Bxc4 bxc4 13.Na5 Qd7 14.g4 Be7 15.g5 Nh5
16.Nd5 Qa4 17.Nc3 Qd7 18.Nd5 Qa4 19.Qe1 c3 20.Qxc3 Rc8 21.Qd2 Qxa2 22.Qb4 Bxd5
23.exd5 O-O 24.Nc6 Bd8 25.c3 Nf4 26.Bxf4 exf4 27.Rhe1 Bxg5 28.Qxd6 Qa1+ 29.Kc2 Qa4+
30.Kb1 Bh4 31.Rd4 Qb5 32.Na7 Qc5 33.Nxc8 Qxd6 34.Nxd6 Bxe1 35.Nb7 Bf2 36.Rxf4 Rb8
37.Na5 Kf8 38.Nc6 Bc5 39.Nxb8  1-0

[Event "Corus B"]
[Site "Wijk aan Zee NED"]
[Date "2006.01.20"]
[Round "6"]
[White "Smeets,J"]
[Black "Lahno,Kateri"]
[Result "1-0"]
[WhiteElo "2550"]
[BlackElo "2500"]

1.e4 e5 2.Nf3 Nf6 3.d4 Nxe4 4.Bd3 d5 5.Nxe5 Nd7 6.Nxd7 Bxd7 7.O-O Qh4 8.c4 O-O-O
9.c5 g6 10.Nc3 Bg7 11.Ne2 Ng5 12.Be3 Ne6 13.Qd2 Rde8 14.b4 Nxd4 15.Nxd4 Bxd4
16.c6 Be6 17.cxb7+ Kb8 18.Bg5 Bc3 19.Qxc3 Qxg5 20.Rac1 Qf4 21.g3 Qd6 22.Qd4 Bd7
23.Rc5 Qe5 24.Rxd5 Qxd4 25.Rxd4 Bh3 26.Rd1 Kxb7 27.Be4+ Kb6 28.a4 a6 29.f3 Bc8
30.Rc1 f5 31.Bd5 Rd8 32.a5+ Ka7 33.Rxc7+ Kb8 34.Rc1 Rd6 35.Rcd1 Rhd8 36.R4d3 Bb7
37.Be4 Rxd3 38.Rxd3 Rc8 39.Bxb7 Kxb7 40.Kg2 Rc2+ 41.Kh3 Kc6 42.Rd8 Kb5 43.Rb8+ Ka4
44.Rb6 g5 45.Rxa6 Kxb4 46.Rf6 g4+ 47.fxg4 fxg4+ 48.Kxg4 Rxh2 49.a6 h5+ 50.Kg5 Rg2
51.Rf3  1-0

[Event "Corus B"]
[Site "Wijk aan Zee NED"]
[Date "2006.01.28"]
[Round "12"]
[White "Navara,D"]
[Black "Lahno,Kateri"]
[Result "1/2-1/2"]
[WhiteElo "2660"]
[BlackElo "2500"]

1.Nf3 Nf6 2.c4 e6 3.Nc3 d5 4.d4 dxc4 5.e4 Bb4 6.Bg5 c5 7.Bxc4 cxd4 8.Nxd4 Bxc3+
9.bxc3 Qa5 10.Bb5+ Bd7 11.Bxf6 gxf6 12.Qb3 Bxb5 13.Nxb5 O-O 14.O-O Nc6 15.c4 Rad8
16.c5 Nd4 17.Nxd4 Rxd4 18.Qg3+ Kh8 19.Qh4 Kg7 20.Rab1 Qxc5 21.Rxb7 Qg5 22.Qh3 Rxe4
23.Rxa7 h5 24.Qf3 Qe5 25.h3 Rc8 26.g3 Rc3 27.Qg2 Re2 28.h4 f5 29.Ra4 Re1
30.Rxe1 Qxe1+ 31.Qf1 Qd2 32.Rc4 Ra3 33.Qa1+ f6 34.Qd4 Qxd4 35.Rxd4 Rxa2 36.Kg2 Ra7
37.Rc4 Kf7 38.Rc8 e5 39.Rc4 Rb7 40.Ra4 Rc7 41.Kf3 Rc2 42.Ra7+ Kg6 43.Ra4 e4+
44.Kg2 e3 45.Kf3 exf2 46.Kg2 Kf7 47.Ra6 f4 48.gxf4 f1=Q+ 49.Kxf1 Rh2 50.Ra5 Rxh4
51.Kg2 Kg6 52.Kg3 Rg4+ 53.Kf3 Rg1 54.Kf2 Rb1 55.Kg3 Rb3+ 56.Kh4 Rb1 57.Kg3 Rf1
58.Rb5 Rg1+ 59.Kf2 Rg4 60.Kf3 Kh6 61.Rb6 Kg6 62.Rb5 Rg1 63.Kf2 Ra1 64.Kg3 Ra3+
65.Kh4 Rf3 66.Rxh5 Rxf4+ 67.Kg3 Ra4 68.Rb5 f5 69.Rb8  1/2-1/2

[Event "III GM-Tage"]
[Site "Pulvermuehle GER"]
[Date "2006.02.26"]
[Round "2"]
[White "Lahno,Kateri"]
[Black "Atlas,V"]
[Result "1/2-1/2"]
[WhiteElo "2500"]
[BlackElo "2480"]

1.e4 c5 2.Nf3 e6 3.d4 cxd4 4.Nxd4 Nf6 5.Nc3 d6 6.Be3 Be7 7.Be2 O-O 8.Qd2 Nc6
9.f4 Nxd4 10.Bxd4 Bd7 11.O-O Bc6 12.Bf3 e5 13.Be3 exf4 14.Bxf4 Nd7 15.Nd5 Ne5
16.Nxe7+ Qxe7 17.Rae1  1/2-1/2

[Event "III GM-Tage"]
[Site "Pulvermuehle GER"]
[Date "2006.02.27"]
[Round "3"]
[White "Markos,J"]
[Black "Lahno,Kateri"]
[Result "1-0"]
[WhiteElo "2493"]
[BlackElo "2500"]

1.d4 Nf6 2.c4 e6 3.Nf3 d5 4.Nc3 dxc4 5.e3 a6 6.Bxc4 b5 7.Be2 Bb7 8.O-O Nbd7
9.a4 b4 10.Nb1 c5 11.Nbd2 Be7 12.a5 Qc7 13.Re1 O-O 14.Bf1 Rfd8 15.e4 cxd4
16.e5 Ng4 17.Nc4 d3 18.b3 Bc5 19.Ra2 f6 20.Bf4 fxe5 21.Bg3 Qc6 22.Bxd3 Ndf6
23.Rd2 e4 24.Bxe4 Rxd2 25.Ncxd2 Nxe4 26.Nxe4 Be7 27.Nd4 Qd5 28.Qxg4 Qxd4
29.Qxe6+ Kf8 30.Ng5 Qe4  1-0

[Event "III GM-Tage"]
[Site "Pulvermuehle GER"]
[Date "2006.03.02"]
[Round "6"]
[White "Bezold,M"]
[Black "Lahno,Kateri"]
[Result "1/2-1/2"]
[WhiteElo "2534"]
[BlackElo "2500"]

1.c4 g6 2.g3 Bg7 3.Bg2 c5 4.Nc3 Nc6 5.d3 d6 6.Bd2 e6 7.Bxc6+ bxc6 8.f4 h5
9.Nf3 h4 10.Rg1 hxg3 11.hxg3 Nh6 12.e4 Rb8 13.b3 Ng4 14.Qe2 e5 15.O-O-O Qe7
16.Rh1 Bd7 17.Rxh8+ Bxh8 18.Rh1 Bf6 19.Ng5 exf4 20.gxf4 Kd8 21.Nf3 Kc7 22.Kc2 Rh8
23.Re1 Bd4 24.Nd1 f6 25.Qg2 Qh7 26.Nxd4  1/2-1/2

[Event "III GM-Tage"]
[Site "Pulvermuehle GER"]
[Date "2006.03.03"]
[Round "7"]
[White "Lahno,Kateri"]
[Black "Gustafsson,J"]
[Result "1/2-1/2"]
[WhiteElo "2500"]
[BlackElo "2614"]

1.e4 e5 2.Nf3 Nc6 3.Bb5 a6 4.Ba4 Nf6 5.O-O Be7 6.Re1 b5 7.Bb3 O-O 8.a4 Rb8
9.c3 b4 10.d4 d6 11.h3 bxc3 12.bxc3 exd4 13.Nxd4 Nxd4 14.cxd4 d5 15.e5 Ne4
16.Nd2 Bb4 17.Re3 Bxd2 18.Bxd2 Be6 19.Be1 c5 20.Bc2 Qg5 21.Bxe4 dxe4 22.Rg3 Qf5
23.dxc5 Rfd8 24.Qc1 Qh5 25.Ba5 Rd3 26.Rxd3 exd3 27.Qe3 Qe2 28.Qxe2 dxe2 29.f3 Rb2
30.c6 Rc2 31.c7 Rc5 32.Bb6 Rxe5 33.Kf2 e1=Q+ 34.Rxe1 Rxe1 35.Kxe1 Kf8 36.Bd4 g6
37.Kd2 Ke7 38.Be5 h5 39.h4 Kd7 40.Kc3 Kc6 41.Kb4 Bc8 42.Kc4 Be6+ 43.Kd4 Kd7
44.Kc5 Kc8 45.a5 Bb3 46.Kd6 Bc4 47.Ke7 Be6 48.Kf6 Kd7 49.Kg5 Bd5 50.Kf4 Kc8
51.g4 Bc6 52.Ke3 Bd7 53.gxh5 gxh5 54.f4 Bg4 55.Kd4 f5 56.Kd5 Bf3+ 57.Ke6 Bg4
58.Kf6 Bh3  1/2-1/2

[Event "III GM-Tage"]
[Site "Pulvermuehle GER"]
[Date "2006.03.05"]
[Round "9"]
[White "Lahno,Kateri"]
[Black "Prusikin,M"]
[Result "0-1"]
[WhiteElo "2500"]
[BlackElo "2563"]

1.e4 e6 2.d4 d5 3.Nc3 Nf6 4.Bg5 Be7 5.e5 Nfd7 6.Bxe7 Qxe7 7.f4 a6 8.Nf3 b6
9.Qd2 c5 10.O-O-O Nc6 11.Re1 Bb7 12.dxc5 bxc5 13.f5 O-O-O 14.Qf4 Nb6 15.Qg5 exf5
16.Qxf5+ Kb8 17.Qg5 Qxg5+ 18.Nxg5 Rd7 19.e6 fxe6 20.Rxe6 h6 21.Nf3 Kc7 22.Bd3 Rd6
23.Rhe1 Rf8 24.Re8 Rf7 25.b3 Rdd7 26.a3 Rde7 27.Bg6 Rxe1+ 28.Rxe1 Re7 29.Rxe7+ Nxe7
30.Bd3 Kd6 31.Kd2 Nd7 32.Nd1 Ne5 33.Nxe5 Kxe5 34.g3 Nc8 35.Ne3 Nd6 36.Ng4+ Ke6
37.Bg6 a5 38.Ke3 Nb5 39.a4 Nd4 40.Nf2 Ba6 41.Nh3 Ke5 42.Nf4 Bc8 43.Nd3+ Kd6
44.Nf4 Bg4 45.Ng2 Bd7 46.Nf4 Nc6 47.Bf7 Ne5 48.Bh5 Bg4 49.h3 Bf5 50.Bd1 g5
51.Nh5 Bxh3 52.Nf6 Be6 53.c3 Nc6 54.Ne8+ Ke5 55.Nc7 Bf7 56.g4 d4+ 57.Kd3 dxc3
58.Kxc3 Nd4 59.Na6 Kd6 60.b4 axb4+ 61.Nxb4 cxb4+ 62.Kxd4 Kc6 63.Ke5 b3 64.Kf6 b2
65.Bc2 Bb3 66.Bb1 Bxa4 67.Kg6 Kc5 68.Kxh6 Kd4 69.Kxg5 Kc3 70.Kh6 Bc2 71.Ba2 Kb4
72.g5 Ka3 73.g6 Kxa2 74.g7 Bb3  0-1

[Event "FIDE WCh Women KO"]
[Site "Ekaterinburg RUS"]
[Date "2006.03.12"]
[Round "1.2"]
[White "Lahno,Kateri"]
[Black "Zapata,K"]
[Result "0-1"]
[WhiteElo "2500"]
[BlackElo "2218"]

1.e4 c5 2.Nf3 Nc6 3.d4 cxd4 4.Nxd4 Nf6 5.Nc3 e5 6.Ndb5 d6 7.Bg5 a6 8.Na3 b5
9.Nd5 Be7 10.Bxf6 Bxf6 11.c4 b4 12.Nc2 Rb8 13.b3 Bg5 14.g3 O-O 15.h4 Bh6
16.Bh3 Be6 17.Qh5 a5 18.Bf5 Ne7 19.Nxe7+ Qxe7 20.Ne3 Rfd8 21.g4 Qb7 22.Nd5 Bxf5
23.Qxf5 g6 24.Qf3 Bg7 25.g5 Rf8 26.h5 f5 27.gxf6 Bxf6 28.Qg4 Qf7 29.Ke2 Bd8
30.f3 g5 31.h6 Kh8 32.Ne3 Rg8 33.Nf5 Rg6 34.Rhd1 Be7 35.Rd5 a4 36.Ra5 Bf8
37.Qh3 a3 38.Rd1 Qg8 39.Qg4 Qe6 40.Rad5 Rb6 41.Qg3 Rc6 42.R1d3 Qf6 43.Rb5 Rc8
44.Rb6 Qd8 45.Rxb4 g4 46.fxg4 Qg5 47.Ra4 Qc1 48.Qe3 Qb1 49.Rd2 Rxg4 50.Kf3 Rf4+
51.Kg3 Rxe4 52.Qd3 Qe1+ 53.Kh2 Bxh6 54.Nxh6 Rh4+ 55.Kg2 Rxh6  0-1

[Event "VII TCh-RUS w"]
[Site "Sochi RUS"]
[Date "2006.04.20"]
[Round "1"]
[White "Lahno,Kateri"]
[Black "Dolgova,O"]
[Result "1-0"]
[WhiteElo "2468"]
[BlackElo "2219"]

1.e4 c5 2.Nf3 d6 3.d4 cxd4 4.Nxd4 Nf6 5.Nc3 a6 6.Be3 e6 7.f3 Be7 8.Qd2 Qc7
9.O-O-O Nc6 10.g4 Nxd4 11.Qxd4 O-O 12.h4 b5 13.h5 e5 14.Qd2 b4 15.Na4 Be6
16.Nb6 Rab8 17.g5 Nd7 18.Nd5 Bxd5 19.Qxd5 a5 20.g6 Nf6 21.Qb3 a4 22.Qxa4 Nd7
23.Qb3 Kh8 24.Bc4 Nc5 25.Bxc5 dxc5 26.gxf7 Bg5+ 27.Kb1 Qe7 28.Rd3 Rbd8 29.Rhd1 Rd4
30.Bd5 Qf6 31.Rxd4 exd4 32.Rf1 Bf4 33.Qa4 Qe7 34.Qc6 h6 35.Qg6 Qe5 36.Be6 Qf6
37.Qxf6 gxf6 38.Rg1  1-0

[Event "VII TCh-RUS w"]
[Site "Sochi RUS"]
[Date "2006.04.21"]
[Round "2"]
[White "Kirillova,V"]
[Black "Lahno,Kateri"]
[Result "1-0"]
[WhiteElo "2225"]
[BlackElo "2468"]

1.Nf3 Nf6 2.g3 e6 3.Bg2 d5 4.O-O Be7 5.d3 b6 6.Nbd2 Bb7 7.Re1 c5 8.c3 Nc6
9.e4 O-O 10.e5 Nd7 11.h4 Qc7 12.Qe2 b5 13.Nf1 b4 14.N1h2 bxc3 15.bxc3 Ba6
16.Bf4 Qa5 17.Rac1 Rab8 18.Ng5 Rb6 19.Ng4 h5 20.Nh2 Bxg5 21.hxg5 g6 22.g4 h4
23.Nf3 Qa4 24.c4 Rfb8 25.Qe3 Ne7 26.Nd2 Bb7 27.Qh3 Kg7 28.Qxh4 Rh8 29.Qg3 Rb2
30.Bf3 Qa5 31.Rcd1 Bc6 32.Kg2 Qc3 33.Rh1 Rbb8 34.Nb3 a5 35.Rh6 a4 36.Nc1 Rxh6
37.gxh6+ Kh7 38.Ne2 Qc2 39.Rd2 Qb1 40.Qh4 Re8 41.Ng1 g5 42.Qxg5 Ng6 43.Nh3 Rg8
44.cxd5 Ngxe5 45.Be4+  1-0

[Event "VII TCh-RUS w"]
[Site "Sochi RUS"]
[Date "2006.04.23"]
[Round "4"]
[White "Sirotkina,N"]
[Black "Lahno,Kateri"]
[Result "1/2-1/2"]
[WhiteElo "2277"]
[BlackElo "2468"]

1.Nf3 Nf6 2.c4 g6 3.d4 Bg7 4.g3 O-O 5.Bg2 d6 6.O-O Nc6 7.Nc3 a6 8.h3 Rb8
9.e4 Nd7 10.Be3 Na5 11.b3 c5 12.Rc1 b5 13.cxb5 axb5 14.dxc5 dxc5 15.Qc2 Nc6
16.Rfd1 Qa5 17.a4 Nb4 18.Qd2 bxa4 19.Nxa4 Nc6 20.Nxc5 Nxc5 21.Rxc5 Qxd2 22.Rxd2 Nb4
23.Rc7 Be6 24.Nd4 Bxd4 25.Bxd4 Bxb3 26.Rxe7 Nc6 27.Rc7 Nxd4 28.Rxd4 Be6 29.Rd2 Rb3
30.Kh2 Rfb8 31.Rcc2 h5 32.h4 R8b4 33.Rd8+ Kg7 34.Rcd2 Rc3 35.R8d3 Rc1 36.Rd1 Rc2
37.R3d2 Rc3 38.Re1 Rbb3 39.Bh3 Bxh3 40.Kxh3 Rb7 41.Rde2 Rbb3 42.e5 Rc6 43.Re3 Rb2
44.R1e2 Rb1 45.Kg2 Ra1 46.Rb2 Ra7 47.Rb4 Re6 48.Kf3 f6 49.exf6+ Rxf6+ 50.Kg2 Raf7
51.Rb2 Kh7 52.Rbe2 Kg7 53.Re6 Rf3 54.R6e3  1/2-1/2

[Event "VII TCh-RUS w"]
[Site "Sochi RUS"]
[Date "2006.04.26"]
[Round "7"]
[White "Shadrina,T"]
[Black "Lahno,Kateri"]
[Result "1-0"]
[WhiteElo "2371"]
[BlackElo "2468"]

1.e4 e5 2.Nf3 Nc6 3.d4 exd4 4.Nxd4 Bc5 5.Nb3 Bb6 6.Nc3 Qf6 7.Qe2 Nge7 8.Nd5 Nxd5
9.exd5+ Ne7 10.h4 h6 11.Bd2 O-O 12.Bc3 Qd6 13.O-O-O Qf4+ 14.Kb1 Nf5 15.Rd2 Nd6
16.Be5 Qe4 17.Bxd6 Qxe2 18.Rxe2 cxd6 19.g3 a6 20.a4 Bd8 21.Nd4 g6 22.Bh3 b6
23.c4 Bf6 24.Rd1 Ra7 25.Re3 Rc7 26.Bf1 Rc5 27.Rb3 Re8 28.Nc2 Bd8 29.Re3 Rxe3
30.Nxe3 a5 31.Re1 Kf8 32.Ng4 Ba6 33.b3 h5 34.Nh2 Bf6 35.Nf3 Rc8 36.Re4 Re8
37.Rxe8+ Kxe8 38.Kc2 Ke7 39.Kd3 Bg7 40.Nd4 Be5 41.Ke4 Bg7 42.Ne2 Be5 43.Nf4 Bc3
44.Be2 Bd2 45.Ng2 Bc8 46.Nf4 Ba6 47.Ng2 Bc8 48.f3 f5+ 49.Kd3 Bc1 50.g4 hxg4
51.fxg4 fxg4 52.Bxg4 Kf6 53.Ke4 Bd2 54.Be2 Bb7 55.Bd1 Ba6 56.Kf3 Bb7 57.Bc2 Ba6
58.Kg4 Bb7 59.Nf4 Bxf4 60.Kxf4 Ba6 61.Bd1 Bb7 62.Bg4 Bc8 63.Bh3 Bb7 64.Bxd7 Ba6
65.Ke4 Bb7 66.Kd4 Ba6 67.Kc3 Ke5 68.Be8 Kf5 69.b4 axb4+ 70.Kxb4 Kf6 71.Bd7 Ke5
72.Bh3 Kd4 73.Bf1 Bc8 74.Kb5 Bd7+ 75.Kxb6 Bxa4 76.Kc7 Ke5 77.Bd3 Bb3 78.Kd7 Kd4
79.Bxg6 Bxc4 80.h5 Ke5 81.Ke7 Bxd5 82.h6 Bg8 83.Kf8  1-0

[Event "VII TCh-RUS w"]
[Site "Sochi RUS"]
[Date "2006.04.30"]
[Round "11"]
[White "Lahno,Kateri"]
[Black "Demina,J"]
[Result "1/2-1/2"]
[WhiteElo "2468"]
[BlackElo "2302"]

1.e4 c5 2.Nf3 d6 3.d4 Nf6 4.Nc3 cxd4 5.Nxd4 a6 6.Be3 e5 7.Nb3 Be6 8.f3 Be7
9.Qd2 O-O 10.O-O-O Qc7 11.g4 Rc8 12.g5 Nh5 13.Nd5 Bxd5 14.exd5 Nd7 15.Bh3 a5
16.Kb1 a4 17.Nc1 Nf4 18.Bxf4 exf4 19.Bxd7 Qxd7 20.h4 Rc4 21.Ne2 Rac8 22.Nd4 R8c5
23.Qxf4 Rxd5 24.Qe4 Re5 25.Qd3 b5 26.f4 Rec5 27.f5 Rd5 28.Qe4 Re5 29.Qf3 Bd8
30.f6 Bb6 31.Ne2 Qc6 32.Qd3 d5 33.fxg7 Kxg7 34.Nc1  1/2-1/2

[Event "37th Olympiad w"]
[Site "Turin ITA"]
[Date "2006.05.24"]
[Round "4"]
[White "Lahno,Kateri"]
[Black "Wang Yu A"]
[Result "1-0"]
[WhiteElo "2468"]
[BlackElo "2390"]

1.e4 e5 2.Nf3 Nc6 3.Bb5 a6 4.Ba4 Nf6 5.O-O Be7 6.Re1 b5 7.Bb3 d6 8.c3 O-O
9.h3 Na5 10.Bc2 c5 11.d4 Qc7 12.d5 Bd7 13.b3 Ne8 14.Nbd2 g6 15.Nf1 Ng7 16.Bh6 f6
17.Qe2 Rfc8 18.g4 Nb7 19.Ng3 Nd8 20.Nd2 Nf7 21.Be3 Qa5 22.Qd3 Qc7 23.a4 h5
24.gxh5 g5 25.Qf1 Qb7 26.Bd3 Kh7 27.Ra2 Rh8 28.axb5 axb5 29.Rea1 Rag8 30.Ra7 Qc8
31.Kh2 Qe8 32.Be2 Nh6 33.Rb7 Bc8 34.Rc7 g4 35.Raa7 Bf8 36.Ra8  1-0

[Event "37th Olympiad w"]
[Site "Turin ITA"]
[Date "2006.05.27"]
[Round "6"]
[White "Lahno,Kateri"]
[Black "Llaneza Vega,P"]
[Result "1-0"]
[WhiteElo "2468"]
[BlackElo "2276"]

1.e4 c5 2.Nf3 Nc6 3.d4 cxd4 4.Nxd4 Nf6 5.Nc3 e5 6.Ndb5 d6 7.Bg5 a6 8.Na3 b5
9.Nd5 Be7 10.Bxf6 Bxf6 11.c3 Bg5 12.Nc2 O-O 13.a4 bxa4 14.Rxa4 a5 15.Bc4 Rb8
16.b3 Kh8 17.Nce3 Bxe3 18.Nxe3 Ne7 19.O-O f5 20.exf5 Bxf5 21.Nxf5 Rxf5 22.Bd3 Rf6
23.Bc2 d5 24.Qe2 Qc7 25.c4 Rd8 26.cxd5 Rxd5 27.Rh4 g6 28.Rc4 Rc5 29.Bd3 Rxc4
30.Bxc4 Qc5 31.Rd1 Rd6 32.Re1 Nc6 33.Qf3 Rd7 34.Qf6+ Rg7 35.Rxe5  1-0

[Event "37th Olympiad w"]
[Site "Turin ITA"]
[Date "2006.05.28"]
[Round "7"]
[White "Bogza,A"]
[Black "Lahno,Kateri"]
[Result "1/2-1/2"]
[WhiteElo "2297"]
[BlackElo "2468"]

1.d4 Nf6 2.g3 d5 3.Nf3 e6 4.Bg2 b5 5.O-O Nbd7 6.b3 Bb7 7.Bb2 c5 8.Nbd2 Qb6
9.Rb1 cxd4 10.Bxd4 Bc5 11.Bxc5 Nxc5 12.c4 Nce4 13.Rc1 O-O 14.Nxe4 Nxe4 15.cxd5 Bxd5
16.Qd4 Qb7 17.Ne5 Nxg3 18.hxg3 Bxg2 19.Rfd1 Bd5 20.Rc5 f6 21.Ng4 Qb6 22.Ne3 Bb7
23.Qb4 a6 24.Nc4 Rad8 25.Rc1 Rd4 26.Nxb6 Rxb4 27.Nd7 Rd8 28.Rc7 Rd4 29.Nxf6+ gxf6
30.Rxb7 Rd1+ 31.Rxd1 Rxd1+ 32.Kg2 Rd2 33.a4 bxa4 34.bxa4 Ra2 35.Rb6 Rxa4
36.Rxe6 Kf7 37.Rb6 a5 38.Ra6 Ra2 39.e4 a4 40.Kf3 a3 41.Ke3 Ra1 42.Ke2 h5
43.Kf3 Ra2 44.Ke3 Kg7 45.Kf3 Kf7 46.Ke3  1/2-1/2

[Event "37th Olympiad w"]
[Site "Turin ITA"]
[Date "2006.06.02"]
[Round "11"]
[White "Lahno,Kateri"]
[Black "Voiska,M"]
[Result "1-0"]
[WhiteElo "2468"]
[BlackElo "2314"]

1.e4 c5 2.Nf3 Nc6 3.d4 cxd4 4.Nxd4 Nf6 5.Nc3 e5 6.Ndb5 d6 7.Bg5 a6 8.Na3 b5
9.Nd5 Be7 10.Bxf6 Bxf6 11.c3 O-O 12.Nc2 Bg5 13.a4 bxa4 14.Rxa4 a5 15.Bc4 Rb8
16.b3 Kh8 17.Nce3 g6 18.h4 Bxh4 19.g3 Bg5 20.f4 exf4 21.gxf4 Bh4+ 22.Kd2 Ne7
23.Kc1 Nxd5 24.Nxd5 Be6 25.Qd4+ Kg8 26.Kb1 Bxd5 27.Qxd5 Bf6 28.Rxa5 Qc7 29.Kc2 Qb6
30.Rf1 Rbd8 31.Ra6 Qe3 32.Qd3 Qc5 33.Qd5 Qe3 34.Qd3 Qc5 35.b4 Qc7 36.Qd5 Bg7
37.f5 Be5 38.fxg6 hxg6 39.Kb3 Rd7 40.b5 Rb8 41.Rfa1 Kg7 42.Qc6 g5 43.Qxc7 Rxc7
44.Ra7 Rbb7 45.Rxb7 Rxb7 46.Kb4 Bf6 47.Bd5 Rc7 48.b6 Bxc3+ 49.Kb3 Rb7 50.Ra6 Rb8
51.Kxc3  1-0

[Event "11th ECU Club Cup w"]
[Site "Feugen AUT"]
[Date "2006.10.08"]
[Round "1"]
[White "Paehtz,E"]
[Black "Lahno,Kateri"]
[Result "0-1"]
[WhiteElo "2449"]
[BlackElo "2459"]

1.e4 e5 2.Nf3 Nc6 3.Bb5 a6 4.Ba4 Nf6 5.d3 b5 6.Bb3 Bc5 7.c3 d6 8.Qe2 O-O
9.Bg5 h6 10.Bh4 Be6 11.Nbd2 Bxb3 12.axb3 Qe7 13.h3 Qe6 14.Nh2 Ne7 15.Ng4 Nxg4
16.hxg4 Ng6 17.Bg3 f6 18.f3 Rfd8 19.Kd1 d5 20.exd5 Rxd5 21.Kc2 Rad8 22.Rhd1 Rxd3
23.Qxd3 Rxd3 24.Kxd3 Ne7 25.b4 Ba7 26.Ne4 Qb3 27.Nd2 Qe6 28.Ne4 Qc4+ 29.Kc2 Nd5
30.Rxd5 Qxd5 31.Rxa6 Bb6 32.Ra1 Qc4 33.Re1 Kf7 34.Bh4 Kg6 35.Nd2 Qf7 36.Ne4 h5
37.gxh5+ Kxh5 38.Rh1 Kg6 39.Re1 Qc4 40.Bg3 Kf5 41.Nd2 Qf7 42.Bh4 Ke6 43.g4 Qg6+
44.Re4 Qh7 45.Be1 Be3 46.Nb3 Qh2+ 47.Bd2 Bb6 48.Nd4+ Kd7 49.Nxb5 Qg2 50.c4 Qxf3
51.Re1 e4 52.Nc3 Qd3+ 53.Kb3 Bd4 54.Bc1 e3  0-1

[Event "11th ECU Club Cup w"]
[Site "Feugen AUT"]
[Date "2006.10.11"]
[Round "4"]
[White "Lahno,Kateri"]
[Black "Kruljac,P"]
[Result "1-0"]
[WhiteElo "2459"]
[BlackElo "2033"]

1.e4 e6 2.d4 d5 3.Nc3 Bb4 4.e5 c5 5.a3 Bxc3+ 6.bxc3 Ne7 7.Qg4 Kf8 8.a4 Qc7
9.Nf3 cxd4 10.Qxd4 Nbc6 11.Qc5 f6 12.Ba3 Kf7 13.Bb5 b6 14.Qd6 Qd7 15.c4 d4
16.a5 Rd8 17.O-O Qe8 18.Qxe7+ Nxe7 19.Bxe8+ Kxe8 20.Bxe7 Kxe7 21.axb6 Bb7
22.Rxa7 Rxa7 23.bxa7 Bxf3 24.exf6+ gxf6 25.gxf3 Ra8 26.Ra1 Kd6 27.Kf1 Kc5
28.Ra4 f5 29.f4  1-0

[Event "11th ECU Club Cup w"]
[Site "Feugen AUT"]
[Date "2006.10.12"]
[Round "5"]
[White "Matveeva,S"]
[Black "Lahno,Kateri"]
[Result "1-0"]
[WhiteElo "2415"]
[BlackElo "2459"]

1.d4 Nf6 2.c4 e6 3.Nc3 Bb4 4.e3 O-O 5.Bd3 d5 6.Nf3 c5 7.O-O Nc6 8.a3 Ba5
9.cxd5 exd5 10.dxc5 Bxc3 11.bxc3 Bg4 12.c4 Ne5 13.cxd5 Bxf3 14.gxf3 Qxd5
15.Be2 Qxc5 16.Bb2 Rad8 17.Bd4 Qc8 18.Qb1 Rfe8 19.f4 Qh3 20.Qxb7 Rd5 21.f3 Rxd4
22.exd4 Ng6 23.Rf2 Nxf4 24.Bf1 Qe6 25.Qxa7 N6d5 26.Qa5 h5 27.Qd2 Ne3 28.Kh1 g5
29.Re1 Qb3 30.Qb4 Qe6 31.Qb5 Qe7 32.a4 f6 33.a5 g4 34.a6 h4 35.Qb3+ Kh8 36.a7 g3
37.Rxe3  1-0

[Event "Aeroflot Open"]
[Site "Moscow RUS"]
[Date "2007.02.18"]
[Round "5"]
[White "Safarli,E"]
[Black "Lahno,Kateri"]
[Result "1-0"]
[WhiteElo "2445"]
[BlackElo "2456"]

1.e4 e5 2.Bc4 Nf6 3.d3 c6 4.Nf3 Be7 5.O-O d6 6.Re1 O-O 7.Nbd2 Nbd7 8.c3 Qc7
9.d4 b5 10.Bb3 c5 11.Nf1 c4 12.Bc2 Bb7 13.a4 a6 14.Ng3 Rfe8 15.Nf5 Bf8 16.d5 Reb8
17.h3 Nc5 18.Bg5 Ne8 19.Nd2 Bc8 20.g4 Nxa4 21.Bxa4 bxa4 22.Qxa4 Bd7 23.Qxc4 Rxb2
24.Qxc7 Nxc7 25.Nc4 Rb3 26.Nfxd6 Bxd6 27.Nxd6 Rxc3 28.Re3 Rc2 29.Rb3 h5 30.Rb7 hxg4
31.Rc1 Rxc1+ 32.Bxc1  1-0

[Event "1st WCh-Team Women"]
[Site "Ekaterinburg RUS"]
[Date "2007.05.20"]
[Round "1"]
[White "Lahno,Kateri"]
[Black "Danielian,E"]
[Result "1/2-1/2"]
[WhiteElo "2467"]
[BlackElo "2424"]

1.e4 c6 2.d4 d5 3.e5 Bf5 4.Nf3 e6 5.Be2 Nd7 6.O-O Bg6 7.Nbd2 Nh6 8.Nb3 Nf5
9.a4 Be7 10.a5 O-O 11.a6 b6 12.c4 Rc8 13.Bf4 dxc4 14.Bxc4 b5 15.Be2 Nb6 16.h3 Na4
17.Qd2 Qd5 18.Na5 Rfd8 19.Rfd1 Rd7 20.Rac1 Bd8 21.Nb7 Qb3 22.g4 Nh4 23.Nxh4 Bxh4
24.f3 Bd8 25.Nd6 Rcc7 26.Ne8 Rc8 27.Nd6 Rcc7 28.Ne8  1/2-1/2

[Event "1st WCh-Team Women"]
[Site "Ekaterinburg RUS"]
[Date "2007.05.21"]
[Round "2"]
[White "Jackova,J"]
[Black "Lahno,Kateri"]
[Result "1/2-1/2"]
[WhiteElo "2423"]
[BlackElo "2467"]

1.e4 e5 2.Nf3 Nc6 3.Bc4 Bc5 4.c3 Nf6 5.d3 a6 6.h3 O-O 7.O-O d6 8.Bb3 h6 9.Nbd2 Ba7
10.Re1 Ne7 11.Nf1 Ng6 12.Ng3 Re8 13.d4 b5 14.Nh2 c5 15.Be3 Bb7 16.dxc5 dxc5
17.Ng4 Nxe4 18.Nxe4 Bxe4 19.Bxc5 Bxc5 20.Rxe4 Qxd1+ 21.Rxd1 Kf8 22.Rd5 Be7
23.Nxe5 Nxe5 24.Rdxe5 Bf6 25.Rxe8+ Rxe8 26.Rxe8+ Kxe8 27.Bd5 Ke7 28.Kf1 a5
29.Ke2 b4 30.Kd3 bxc3 31.bxc3 Be5 32.c4 f6 33.c5 Kd7 34.Ke4 Ke7 35.Bb3 Bc7
36.Kd5 Be5 37.Ba4 Bc7 38.f3 h5 39.Bc2 g5 40.Bf5 h4 41.Kc6 Kd8 42.Kb7 Be5
43.Kb6  1/2-1/2

[Event "1st WCh-Team Women"]
[Site "Ekaterinburg RUS"]
[Date "2007.05.23"]
[Round "4"]
[White "Paehtz,E"]
[Black "Lahno,Kateri"]
[Result "1/2-1/2"]
[WhiteElo "2442"]
[BlackElo "2467"]

1.e4 e5 2.Nf3 Nc6 3.Nc3 Nf6 4.d4 exd4 5.Nxd4 Bb4 6.Nxc6 bxc6 7.Bd3 d5 8.exd5 cxd5
9.O-O O-O 10.Bg5 c6 11.Na4 h6 12.Bh4 Bd6 13.Re1 Bf4 14.c3 Qd6 15.Bg3 Bxg3
16.hxg3 c5 17.Bc2 Bb7 18.Qf3  1/2-1/2

[Event "1st WCh-Team Women"]
[Site "Ekaterinburg RUS"]
[Date "2007.05.27"]
[Round "7"]
[White "Lahno,Kateri"]
[Black "Socko,M"]
[Result "0-1"]
[WhiteElo "2467"]
[BlackElo "2481"]

1.e4 e6 2.d4 d5 3.Nc3 Bb4 4.e5 c5 5.a3 Bxc3+ 6.bxc3 Qa5 7.Bd2 Qa4 8.Qb1 a6
9.Qb3 Qxb3 10.cxb3 Nc6 11.dxc5 Nxe5 12.c4 Ne7 13.Bc3 f6 14.cxd5 exd5 15.f4 N5c6
16.Nf3 Bf5 17.b4 Kf7 18.Kf2 Rhd8 19.Rd1 Ng6 20.g3 Nf8 21.h3 Ne6 22.g4 Bc2
23.Rd2 Be4 24.f5 Nc7 25.Be2 d4 26.Bb2 d3 27.Bd1 a5 28.b5 Nxb5 29.Re1 Bd5
30.Re3 Bc4 31.Re4 Bd5 32.Re3 Bc4 33.Re4 Bd5 34.Rf4 Nc7 35.g5 Na6 36.gxf6 gxf6
37.Rh4 Nxc5 38.Kf1 Rg8 39.Rxh7+ Rg7 40.Rh6 Rg3 41.Rxf6+ Ke7 42.Rg6 Rxf3+
43.Bxf3 Bxf3 44.Rf2 Bh5 45.Rh6 Bf7 46.Bf6+ Kd6 47.Rf4 Kd5 48.Rh7 Ne5 49.Rhh4 Re8
50.Rd4+ Kc6 51.Rh6 Kb5 52.a4+ Nxa4 53.Rh7 Nc6 54.Rd6 Kc5 55.Rd7 Bd5 56.Bh4 Nc3
57.Bg5 Re2 58.f6 Ne5 59.Rc7+ Bc6 60.f7 Nxf7 61.Rhxf7 d2 62.Bxd2 Rxd2 63.Rf3 Nb5
64.Rf5+ Kb6 65.Rh7 Nd4 66.Rf6 a4 67.Ke1 Rh2 68.Rh4 Nf3+  0-1